| 000 | 00731nam a22002417a 4500 | ||
|---|---|---|---|
| 005 | 20170124110020.0 | ||
| 010 | _aA-895383 | ||
| 020 |
_c00.00 _a8170249848 |
||
| 035 | _aA-895383 | ||
| 037 | _bCen Lib/Ret | ||
| 040 |
_aDPL _bEN |
||
| 082 |
_a658 _bAHM |
||
| 100 |
_aAhmad, Khaliq _919520 |
||
| 245 |
_aEffective management / _cby Ahmad Khaliq [and] Shamim Ahmad |
||
| 260 |
_aNew Delhi _bA. P. H. Publishing Corporation _c1998 |
||
| 270 |
_a5, Ansari Road, Darya Ganj _bNew Delhi _e110002 |
||
| 300 |
_a244p. _c20cm(Hb) |
||
| 500 | _aIncludes index | ||
| 650 |
_aManagement framework _919521 |
||
| 650 |
_aFunctional management _919522 |
||
| 700 |
_aAhmad, Shamim _919523 |
||
| 942 |
_2ddc _cEN _h658 _mAHM |
||
| 999 |
_c127138 _d127138 |
||